[Event "Asian University (Women)"]
[Site "Tornelo INT"]
[Date "2021.09.05"]
[Round "8"]
[White "Ghane, Safoura"]
[Black "Srija, Seshadri"]
[Result "1-0"]
[WhiteElo "1765"]
[BlackElo "2219"]
[PlyCount "85"]
[EventDate "2021.09.03"]
[EventType "swiss (rapid)"]
[EventRounds "9"]
[EventCountry "NET"]
[SourceTitle "CBM 204 Extra"]
[Source "ChessBase"]
[SourceDate "2021.11.30"]
[SourceVersion "1"]
[SourceVersionDate "2021.11.30"]
[SourceQuality "1"]

1. e4 e5 2. Nf3 Nc6 3. Bc4 Nf6 4. d3 h6 5. c3 d6 6. 0-0 g5 7. d4 g4 8. Ne1 Bg7 9. f3 0-0 10. d5 Ne7 11. Be2 Ng6 12. Be3 h5 13. Nd2 gxf3 14. Bxf3 Ng4 15. Bxg4 hxg4 16. Nd3 Qh4 17. g3 Qh5 18. Qe2 f5 19. exf5 Bxf5 20. Nf2 Ne7 21. c4 Qg6 22. Rae1 Rf7 23. Nb1 Bh8 24. Nc3 a6 25. Bd2 Raf8 26. Nfe4 Bd7 27. Rxf7 Rxf7 28. Qe3 Nf5 29. Qg5 Qxg5 30. Nxg5 Re7 31. Nce4 Nd4 32. Be3 Bf5 33. Nxd6 cxd6 34. Bxd4 Rc7 35. Bc3 Rxc4 36. Rf1 Bg6 37. Ne6 Bf7 38. Rf5 b5 39. Rg5+ Kh7 40. Nf8+ Kh6 41. Bd2 Rd4 42. Rg6+ Kh5 43. Rh6# 1-0

[Event "Arak op (Women)"]
[Site "Arak"]
[Date "2017.08.15"]
[Round "6"]
[White "Mahdian, Anousha"]
[Black "Ghane, Safoura"]
[Result "1-0"]
[WhiteElo "1907"]
[BlackElo "1663"]
[PlyCount "31"]
[EventDate "2017.08.12"]
[EventType "swiss"]
[EventRounds "9"]
[EventCountry "IRI"]
[SourceTitle "CBM 180 Extra"]
[Source "ChessBase"]
[SourceDate "2017.10.06"]
[SourceVersion "1"]
[SourceVersionDate "2017.10.06"]
[SourceQuality "1"]

1. d4 d5 2. c4 dxc4 3. e4 Nf6 4. e5 Nd5 5. Bxc4 e6 6. Nf3 Bb4+ 7. Bd2 Bxd2+ 8. Nbxd2 Nc6 9. Ne4 0-0 10. 0-0 h6 11. Re1 a6 12. Rc1 Nb6 13. Bb3 Na5 14. Bc2 Nd5 15. Qd3 Nb4 16. Nf6+ 1-0

[Event "Qazvin op (Women) 18th"]
[Site "Qazvin"]
[Date "2015.08.18"]
[Round "8"]
[White "Ghane, Safoura"]
[Black "Davoodi, Yasaman"]
[Result "0-1"]
[WhiteElo "1616"]
[BlackElo "1775"]
[PlyCount "114"]
[EventDate "2015.08.14"]
[EventType "swiss"]
[EventRounds "11"]
[EventCountry "IRI"]
[SourceTitle "EXT 2016"]
[Source "ChessBase"]
[SourceDate "2015.10.08"]
[SourceVersion "1"]
[SourceVersionDate "2015.10.08"]
[SourceQuality "1"]

1. e4 e6 2. d4 d5 3. exd5 exd5 4. Bd3 Nf6 5. Ne2 Be7 6. 0-0 0-0 7. Bf4 c5 8. Nd2 c4 9. Nxc4 dxc4 10. Bxc4 Nc6 11. c3 a6 12. Bb3 Nd5 13. Bg3 Bg4 14. Re1 Bf6 15. f3 Bf5 16. Bxd5 Qxd5 17. Nf4 Qd8 18. Qb3 Qd7 19. Nd5 Bd8 20. Ne3 Bg6 21. Qd5 Qc8 22. Rad1 Bc7 23. Bxc7 Qxc7 24. Qc4 Rac8 25. d5 Ne5 26. Qxc7 Rxc7 27. d6 Rd7 28. Nd5 Nc4 29. Re7 Rfd8 30. Rxd7 Rxd7 31. b3 Ne5 32. f4 Nc6 33. Nb6 Rd8 34. c4 Nb4 35. g4 f5 36. g5 a5 37. Rd2 Kf8 38. Kf2 Nc6 39. c5 Nb8 40. Rd4 Be8 41. Rd5 g6 42. Re5 Nd7 43. Nxd7+ Rxd7 44. a3 b6 45. b4 bxc5 46. bxc5 Rb7 47. Re2 Rb3 48. Rd2 Rb5 49. Rc2 Bc6 50. Rc3 Rb2+ 51. Kg3 Ke8 52. Re3+ Kd8 53. Rc3 Rd2 54. h4 a4 55. Re3 Be4 56. h5 Rc2 57. hxg6 hxg6 0-1

[Event "IRI-chT (Women) 8th"]
[Site "Qazvin"]
[Date "2015.01.01"]
[Round "5.1"]
[White "Hakimifard, Raana"]
[Black "Ghane, Safoura"]
[Result "1-0"]
[WhiteElo "2001"]
[BlackElo "1653"]
[PlyCount "129"]
[EventDate "2014.12.29"]
[EventType "team-tourn"]
[EventRounds "7"]
[EventCountry "IRI"]
[SourceTitle "CBM 164 Extra"]
[Source "ChessBase"]
[SourceDate "2015.03.02"]
[SourceVersion "1"]
[SourceVersionDate "2015.03.02"]
[SourceQuality "1"]
[WhiteTeam "Esteghlal (W)"]
[BlackTeam "Nokhbegan Gilan (W)"]
[WhiteTeamCountry "IRI"]
[BlackTeamCountry "IRI"]

1. e4 e5 2. Nf3 Nc6 3. Bc4 Bc5 4. c3 Nf6 5. d3 d6 6. Nbd2 a6 7. Bb3 Ba7 8. Nf1 0-0 9. Ng3 h6 10. 0-0 Ne7 11. Nh4 Bg4 12. Qc2 Nh5 13. Nhf5 Nxg3 14. Nxg3 Kh8 15. Be3 Qd7 16. Qd2 Bxe3 17. fxe3 Be6 18. Bc2 Ng8 19. d4 Nf6 20. d5 Bg4 21. h3 Nh5 22. Nh1 Bxh3 23. gxh3 Qxh3 24. Rae1 Rae8 25. Qg2 Qxg2+ 26. Kxg2 Kh7 27. Rf2 Nf6 28. Ng3 Rh8 29. Nf5 Ref8 30. Rf3 Nh5 31. Rh3 g6 32. Bd1 gxf5 33. Rxh5 fxe4 34. Bg4 Rhg8 35. Kh3 Rg5 36. Bf5+ Kg7 37. Rxg5+ hxg5 38. Kg4 Rh8 39. Kxg5 Rh2 40. Bxe4 Rxb2 41. Rh1 Rxa2 42. Rg1 Rh2 43. Kf5+ Kf8 44. Bg2 Ke7 45. Kg4 Rh8 46. Rb1 b6 47. Bf1 a5 48. Bb5 Rg8+ 49. Kf5 Rg3 50. Re1 Rf3+ 51. Ke4 Rf2 52. Rh1 f5+ 53. Kd3 e4+ 54. Kc4 Re2 55. Rh7+ Kf6 56. Rxc7 Rxe3 57. Rd7 Ke5 58. Re7+ Kf4 59. Re6 Rh3 60. Rxd6 e3 61. Re6 Rh2 62. d6 Rd2 63. d7 Kf3 64. Bc6+ Kf2 65. Bd5 1-0